<?xml version="1.0" encoding="UTF-8"?>
<record
    xmlns:xsi="http://www.w3.org/2001/XMLSchema-instance"
    xsi:schemaLocation="http://www.loc.gov/MARC21/slim http://www.loc.gov/standards/marcxml/schema/MARC21slim.xsd"
    xmlns="http://www.loc.gov/MARC21/slim">

  <leader>03509nam a2200565Ia 4500</leader>
  <controlfield tag="001">4482</controlfield>
  <controlfield tag="008">241029s9999    xx            000 0 und d</controlfield>
  <datafield tag="010" ind1=" " ind2=" ">
    <subfield code="a">4223</subfield>
  </datafield>
  <datafield tag="041" ind1=" " ind2=" ">
    <subfield code="a">Espa&#xF1;ol</subfield>
  </datafield>
  <datafield tag="082" ind1=" " ind2=" ">
    <subfield code="a">MGC-14-023</subfield>
  </datafield>
  <datafield tag="245" ind1=" " ind2="0">
    <subfield code="a">Causas de la deserci&#xF3;n escolar en el 1er. Ciclo el Nivel Medio del Liceo T&#xE9;cnico Pastor Abajo, Distrito Educativo 08-05 Pastor Bella Vista Santiago, Rep&#xFA;blica Dominicana en el per&#xED;odo escolar 2012-2014.</subfield>
  </datafield>
  <datafield tag="260" ind1=" " ind2=" ">
    <subfield code="a">Santiago</subfield>
  </datafield>
  <datafield tag="300" ind1=" " ind2=" ">
    <subfield code="a">127</subfield>
  </datafield>
  <datafield tag="520" ind1=" " ind2=" ">
    <subfield code="a">5</subfield>
  </datafield>
  <datafield tag="630" ind1=" " ind2=" ">
    <subfield code="a">Actitud de los Estudiantes</subfield>
  </datafield>
  <datafield tag="630" ind1=" " ind2=" ">
    <subfield code="a">Desempleo</subfield>
  </datafield>
  <datafield tag="630" ind1=" " ind2=" ">
    <subfield code="a">Deserci&#xF3;n Estudiantil</subfield>
  </datafield>
  <datafield tag="630" ind1=" " ind2=" ">
    <subfield code="a">Desintegraci&#xF3;n Familiar</subfield>
  </datafield>
  <datafield tag="650" ind1=" " ind2=" ">
    <subfield code="a">Deserci&#xF3;n Escolar</subfield>
  </datafield>
  <datafield tag="690" ind1=" " ind2=" ">
    <subfield code="a">Elaborado</subfield>
  </datafield>
  <datafield tag="700" ind1=" " ind2=" ">
    <subfield code="e">asesor</subfield>
    <subfield code="a">Jimini&#xE1;n, Yanet Y.</subfield>
  </datafield>
  <datafield tag="700" ind1=" " ind2=" ">
    <subfield code="e">autor</subfield>
    <subfield code="a"> Marte, Jos&#xE9;</subfield>
  </datafield>
  <datafield tag="700" ind1=" " ind2=" ">
    <subfield code="e">autor</subfield>
    <subfield code="a">Mart&#xED;nez, Eddy </subfield>
  </datafield>
  <datafield tag="901" ind1=" " ind2=" ">
    <subfield code="a">{"1":" Marte","2":"Mart&#xED;nez"}</subfield>
    <subfield code="b">{"1":"Jos&#xE9;","2":"Eddy "}</subfield>
  </datafield>
  <datafield tag="902" ind1=" " ind2=" ">
    <subfield code="a">1</subfield>
  </datafield>
  <datafield tag="903" ind1=" " ind2=" ">
    <subfield code="a">{"1":"Jimini&#xE1;n"}</subfield>
    <subfield code="b">{"1":"Yanet Y."}</subfield>
  </datafield>
  <datafield tag="904" ind1=" " ind2=" ">
    <subfield code="a">Mag&#xED;ster en</subfield>
  </datafield>
  <datafield tag="905" ind1=" " ind2=" ">
    <subfield code="a">Gesti&#xF3;n de Centros Educativos</subfield>
  </datafield>
  <datafield tag="906" ind1=" " ind2=" ">
    <subfield code="a">2</subfield>
  </datafield>
  <datafield tag="907" ind1=" " ind2=" ">
    <subfield code="a">NO APLICA</subfield>
  </datafield>
  <datafield tag="908" ind1=" " ind2=" ">
    <subfield code="a">NO APLICA</subfield>
  </datafield>
  <datafield tag="909" ind1=" " ind2=" ">
    <subfield code="a">Universidad Abierta para Adultos (UAPA), Recinto Santiago</subfield>
  </datafield>
  <datafield tag="910" ind1=" " ind2=" ">
    <subfield code="a">NULL</subfield>
    <subfield code="b">NULL</subfield>
  </datafield>
  <datafield tag="911" ind1=" " ind2=" ">
    <subfield code="a">["1"]</subfield>
  </datafield>
  <datafield tag="912" ind1=" " ind2=" ">
    <subfield code="a">NO APLICA</subfield>
  </datafield>
  <datafield tag="913" ind1=" " ind2=" ">
    <subfield code="a">NULL</subfield>
  </datafield>
  <datafield tag="914" ind1=" " ind2=" ">
    <subfield code="a">13 de Agosto de 2014</subfield>
  </datafield>
  <datafield tag="915" ind1=" " ind2=" ">
    <subfield code="a">18/11/19 08:11</subfield>
  </datafield>
  <datafield tag="916" ind1=" " ind2=" ">
    <subfield code="a">NULL</subfield>
  </datafield>
  <datafield tag="917" ind1=" " ind2=" ">
    <subfield code="a">NULL</subfield>
  </datafield>
  <datafield tag="918" ind1=" " ind2=" ">
    <subfield code="a">NO APLICA</subfield>
  </datafield>
  <datafield tag="919" ind1=" " ind2=" ">
    <subfield code="a">["5","289","64","65"]</subfield>
  </datafield>
  <datafield tag="520" ind1=" " ind2=" ">
    <subfield code="a">El Estudio plante&#xF3; como objetivo general analizar las causas de la deserci&#xF3;n escolar en el 1er &#xA0;Ciclo el Nivel Medio del Liceo T&#xE9;cnico Pastor Abajo, Distrito Educativo 08-05 Pastor Bella Vista, Santiago.La investigaci&#xF3;n se enmarc&#xF3;&#xA0;en el enfoque cuantitativo, corresponde a un dise&#xF1;o no experimental y de campo. Se utiliz&#xF3; el enfoque cuantitativo, porque se hizo la recolecci&#xF3;n de la informaci&#xF3;n en el mismo lugar, objeto de estudio y la medici&#xF3;n de los datos estad&#xED;sticos obtenidos en el mismo.La poblaci&#xF3;n de estudiantes desertores del grado seleccionado para este estudio fue de ciento ochenta y cuatro (184); para lo cual se utiliz&#xF3; una muestra de cuarenta y ocho (48). Con la finalidad de determinar la tasa de deserci&#xF3;n, se trataron de entrevistar v&#xED;a telef&#xF3;nica a los estudiantes desertores y se visitaron los hogares de dichos estudiantes y fue imposible contactarlo por medio de esta v&#xED;a, &#xA0;Los hallazgos encontrados en esta variable fue que la cantidad de estudiantes que desertan por Grado y a&#xF1;o seg&#xFA;n informaciones dadas por el director y los docentes, son de 8 a 17. Este es un Nivel Medio, pero para los estudiantes que se inscriben por secciones, este es un nivel &#xA0;muy alto. Conforme datos arrojados por el director, se afirm&#xF3;&#xA0;que de ochenta y siete (87) estudiantes que se inscribieron en el a&#xF1;o 2012-2013 al 1er Ciclo el Nivel Medio del Liceo T&#xE9;cnico Pastor, el 68% desertaron. Con relaci&#xF3;n al perfil socio demogr&#xE1;fico, la tasa de deserci&#xF3;n es de un 53% en cuanto al sexo masculino; &#xE9;stos tienden m&#xE1;s a abandonar los estudios, por causas de compromisos familiares, laborales y personales,El estudio recomend&#xF3; a las Autoridades Educativas, priorizar en su agenda disminuir la deserci&#xF3;n escolar en el 1er Ciclo el Nivel Medio del Liceo T&#xE9;cnico Pastor Abajo. Mantener una continua motivaci&#xF3;n que escale en la conciencia del alumno, en la importancia de culminar sus estudios.</subfield>
  </datafield>
  <datafield tag="921" ind1=" " ind2=" ">
    <subfield code="a">11</subfield>
  </datafield>
  <datafield tag="922" ind1=" " ind2=" ">
    <subfield code="a">11</subfield>
  </datafield>
  <datafield tag="923" ind1=" " ind2=" ">
    <subfield code="a">0</subfield>
  </datafield>
  <datafield tag="924" ind1=" " ind2=" ">
    <subfield code="a">NO APLICA</subfield>
  </datafield>
  <datafield tag="942" ind1=" " ind2=" ">
    <subfield code="c">Tesis</subfield>
  </datafield>
  <datafield tag="999" ind1=" " ind2=" ">
    <subfield code="c">4223</subfield>
    <subfield code="d">4223</subfield>
  </datafield>
</record>
